| 000 -LEADER |
| fixed length control field |
00753cam a2200229Ia 4500 |
| 020 ## - INTERNATIONAL STANDARD BOOK NUMBER |
| ISBN |
9789251079782 |
| 020 ## - INTERNATIONAL STANDARD BOOK NUMBER |
| ISBN |
9251079781 |
| 040 ## - CATALOGING SOURCE |
| Transcribing agency |
DKU |
| 082 ## - DEWEY DECIMAL CLASSIFICATION NUMBER |
| Classification number |
639 FOO 2013 A056 Or. |
| 245 00 - TITLE STATEMENT |
| Title |
On-farm feeding and feed management in aquaculture / |
| 260 ## - PUBLICATION, DISTRIBUTION, ETC. (IMPRINT) |
| Place of publication |
Rome : |
| Name of publisher |
Food and Agriculture Organization of the United Nations, |
| Year of publication |
2013. |
| 300 ## - PHYSICAL DESCRIPTION |
| Number of Pages |
x, 67 p. : |
| Other physical details |
col. ill. ; |
| Dimensions |
30 cm. + |
| Accompanying material |
1 CD-ROM. |
| 490 1# - SERIES STATEMENT |
| Series statement |
FAO fisheries and aquaculture technical paper ; |
| 500 ## - GENERAL NOTE |
| General note |
Includes 1 CD-ROM in pocket at back. |
| 650 #0 - SUBJECT ADDED ENTRY--TOPICAL TERM |
| Topical Term |
Aquaculture. |
| 650 #0 - SUBJECT ADDED ENTRY--TOPICAL TERM |
| Topical Term |
Fishes |
| 650 #0 - SUBJECT ADDED ENTRY--TOPICAL TERM |
| Topical Term |
Fishery management. |
| 700 1# - ADDED ENTRY--PERSONAL NAME |
| Personal name |
Hasan, Mohammad R. |
| 700 1# - ADDED ENTRY--PERSONAL NAME |
| Personal name |
New, Michael B., |
| 710 2# - ADDED ENTRY--CORPORATE NAME |
| Corporate name or jurisdiction name as entry element |
Food and Agriculture Organization of the United Nations. |
| 942 ## - ADDED ENTRY ELEMENTS (KOHA) |
| Koha item type |
សៀវភៅភាសាអង់គ្លេស |
| 952 ## - LOCATION AND ITEM INFORMATION (KOHA) |
| Withdrawn status [LOCAL, KOHA] |
0 |